Statystyki dla Rozpoznasz kraj opisany w 3 słowach ?

Kliknij tutaj aby rozwiązać quiz!

Ogólne statystyki

  • Ten quiz został rozwiązany 978 razy
  • Średni wynik to 12 z 15

Statystyki odpowiedzi

Słowa związane z krajem Kraj % poprawnych
Piwo,Wojna,HitlerNiemcy
100%
Ślimaki,Bagietka,Wieża EifflaFrancja
100%
Cyrylica,Putin,MendelejewRosja
100%
Kebab,Islam,IzmirTurcja
98%
Cebula,Pierogi,BigosPolska
96%
Mińsk,Rubel,EuropaBiałoruś
94%
Malmö,Volvo,IbrahimovićSzwecja
93%
Alpy,Genewa,Niemiecki(Język urzędowy)Szwajcaria
91%
Katolicyzm,Król(Filip),BrukselaBelgia
91%
Gejzery,Zorze,WyspaIslandia
85%
Królestwo,Melbourne,StrzeleckiAustralia
76%
Azja,Rijad,IslamArabia Saudyjska
65%
Kapsztad,Rand,ZuluRPA
46%
Pustynie,Byki,PalmyMeksyk
34%
Moreno,Hiszpański(Język urzędowy),ValenciaEkwador
26%

Rozkład punktacji

Percentyl według liczby udzielonych odpowiedzi

Procent ludzi z każdym wynikiem

Twoja historia wyników

Nie rozwiązałeś tego quizu